[Event "Romanian-ch Open 2022"]
[Site "Eforie Nord"]
[Date "2022.02.27"]
[Round "9.27"]
[White "Zaim, Marian"]
[Black "Craciun, Sasha-Matei"]
[Result "1/2-1/2"]
[WhiteElo "1964"]
[BlackElo "1871"]
[Annotator "NA"]
[PlyCount "59"]
[EventDate "2022.02.20"]
[EventType "swiss"]
[EventCountry "ROU"]
[SourceTitle "playchess.com"]
[Source "ChessBase"]
[SourceQuality "1"]
[TimeControl "40/5400+30:900+30"]

1. Nf3 {[%emt 0:00:03]} Nf6 {[%emt 0:00:17]} 2. g3 {[%emt 0:00:21]} d5 {[%emt 0:00:25]} 3. Bg2 {[%emt 0:00:27]} c5 {[%emt 0:00:47]} 4. O-O {[%emt 0:00:33]} Nc6 {[%emt 0:00:36]} 5. d4 {[%emt 0:00:27]} e6 {[%emt 0:01:03]} 6. b3 {[%emt 0:13:24]} cxd4 {[%emt 0:10:04]} 7. Nxd4 {[%emt 0:00:31]} Bc5 {[%emt 0:00:26]} 8. Bb2 {[%emt 0:01:27]} O-O {[%emt 0:01:21]} 9. c4 {[%emt 0:08:56]} Nxd4 {[%emt 0:07:55]} 10. Bxd4 {[%emt 0:02:34]} Bxd4 {[%emt 0:00:05]} 11. Qxd4 {[%emt 0:00:03]} dxc4 {[%emt 0:00:07]} 12. Qxc4 {[%emt 0:00:31]} e5 {[%emt 0:01:07]} 13. Nc3 {[%emt 0:03:19]} Qe7 {[%emt 0:01:41]} 14. Rfd1 {[%emt 0:05:05]} Rb8 {[%emt 0:01:42]} 15. Rac1 {[%emt 0:03:37]} a6 {[%emt 0:02:18]} 16. Nd5 {[%emt 0:02:52]} Nxd5 {[%emt 0:00:12]} 17. Bxd5 {[%emt 0:00:43]} Bf5 {[%emt 0:08:50]} 18. Qc7 {[%emt 0:00:59]} Rfe8 {[%emt 0:00:37]} 19. e4 {[%emt 0:02:54]} Bg4 {[%emt 0:00:55]} 20. Qxe7 {[%emt 0:01:51]} Rxe7 {[%emt 0:00:09]} 21. Rd3 {[%emt 0:02:02]} g5 {[%emt 0:08:46]} 22. f3 {[%emt 0:07:51]} Be6 {[%emt 0:01:12]} 23. Bxe6 {[%emt 0:00:26]} Rxe6 {[%emt 0:00:02]} 24. Rd7 {[%emt 0:00:23]} b5 {[%emt 0:00:51]} 25. Rcc7 {[%emt 0:01:32]} Rf6 {[%emt 0:00:05]} 26. Kg2 {[%emt 0:00:44]} Rbb6 {[%emt 0:01:31]} 27. Rc2 {[%emt 0:07:43]} Rbc6 {[%emt 0:02:52]} 28. Rc7 {[%emt 0:01:57]} Rxc7 {[%emt 0:00:17]} 29. Rxc7 {[%emt 0:00:02]} Rd6 {[%emt 0:00:22]} 30. Rc2 {[%emt 0:00:12]} 1/2-1/2

[Event "Romanian-ch Open 2022"]
[Site "Eforie Nord"]
[Date "2022.02.27"]
[Round "9.28"]
[White "Prelipcean, Eric-Matei"]
[Black "Craciun, Gheorghe"]
[Result "1-0"]
[WhiteElo "1935"]
[BlackElo "1655"]
[Annotator "NA"]
[PlyCount "53"]
[EventDate "2022.02.20"]
[EventType "swiss"]
[EventCountry "ROU"]
[SourceTitle "playchess.com"]
[Source "ChessBase"]
[SourceQuality "1"]
[TimeControl "40/5400+30:900+30"]

1. e4 {[%emt 0:00:01]} c5 {[%emt 0:00:06]} 2. Nf3 {[%emt 0:00:05]} d6 {[%emt 0:00:06]} 3. d4 {[%emt 0:00:04]} cxd4 {[%emt 0:00:07]} 4. Nxd4 {[%emt 0:00:03]} Nf6 {[%emt 0:00:09]} 5. Nc3 {[%emt 0:00:04]} a6 {[%emt 0:00:04]} 6. Bg5 {[%emt 0:00:05]} e6 {[%emt 0:00:05]} 7. f4 {[%emt 0:00:10]} Be7 {[%emt 0:00:11]} 8. Qf3 {[%emt 0:00:18]} Qc7 {[%emt 0:00:14]} 9. O-O-O {[%emt 0:00:07]} b5 {[%emt 0:00:16]} 10. g4 {[%emt 0:02:32]} Bb7 {[%emt 0:00:10]} 11. Bxf6 {[%emt 0:00:14]} gxf6 {[%emt 0:00:52]} 12. a3 {[%emt 0:01:29]} Nd7 {[%emt 0:00:13]} 13. f5 {[%emt 0:03:59]} e5 {[%emt 0:00:20]} 14. Nb3 {[%emt 0:00:21]} O-O-O {[%emt 0:01:30]} 15. Kb1 {[%emt 0:05:03]} Nb6 {[%emt 0:00:13]} 16. Bg2 {[%emt 0:01:23]} Nc4 {[%emt 0:00:36]} 17. Nd2 {[%emt 0:01:18]} Kb8 {[%emt 0:02:52]} 18. Nxc4 {[%emt 0:01:21]} Qxc4 {[%emt 0:00:03]} 19. Bf1 {[%emt 0:00:26]} Qc5 {[%emt 0:00:27]} 20. Nd5 {[%emt 0:01:00]} Bxd5 {[%emt 0:00:11]} 21. Rxd5 {[%emt 0:00:02]} Qc7 {[%emt 0:00:35]} 22. Qb3 {[%emt 0:01:15]} Ka7 {[%emt 0:03:52]} 23. Bxb5 {[%emt 0:07:09]} Rb8 {[%emt 0:00:02]} 24. Qa4 {[%emt 0:00:07]} Qb6 {[%emt 0:00:34]} 25. b3 {[%emt 0:01:08]} Rhc8 {[%emt 0:00:38]} 26. Bxa6 {[%emt 0:00:54]} Rc5 {[%emt 0:01:05]} 27. Bc8+ {[%emt 0:00:50]} 1-0

[Event "Romanian-ch Open 2022"]
[Site "Eforie Nord"]
[Date "2022.02.27"]
[Round "9.29"]
[White "Dragomirescu, Calin"]
[Black "Sarighioleanu, Sebastian-Laure"]
[Result "1-0"]
[WhiteElo "2092"]
[BlackElo "2045"]
[Annotator "NA"]
[PlyCount "107"]
[EventDate "2022.02.20"]
[EventType "swiss"]
[EventCountry "ROU"]
[SourceTitle "playchess.com"]
[Source "ChessBase"]
[SourceQuality "1"]
[TimeControl "40/5400+30:900+30"]

1. d4 {[%emt 0:00:03]} Nf6 {[%emt 0:00:07]} 2. Nf3 {[%emt 0:00:07]} g6 {[%emt 0:00:16]} 3. c4 {[%emt 0:00:05]} Bg7 {[%emt 0:00:10]} 4. Nc3 {[%emt 0:00:05]} O-O {[%emt 0:00:12]} 5. e4 {[%emt 0:00:04]} d6 {[%emt 0:00:10]} 6. Be3 {[%emt 0:00:05]} e5 {[%emt 0:03:10]} 7. dxe5 {[%emt 0:00:05]} dxe5 {[%emt 0:00:14]} 8. Qxd8 {[%emt 0:00:03]} Rxd8 {[%emt 0:00:10]} 9. Nd5 {[%emt 0:00:06]} Nxd5 {[%emt 0:08:53]} 10. cxd5 {[%emt 0:00:37]} c6 {[%emt 0:00:15]} 11. Bc4 {[%emt 0:00:05]} b5 {[%emt 0:13:56]} 12. Bb3 {[%emt 0:00:18]} a5 {[%emt 0:07:56]} 13. a3 {[%emt 0:00:07]} Bb7 {[%emt 0:07:33]} 14. Rc1 {[%emt 0:04:13]} Ra6 {[%emt 0:19:13]} 15. O-O {[%emt 0:01:55]} a4 {[%emt 0:08:53]} 16. Ba2 {[%emt 0:00:32]} h6 {[%emt 0:04:04]} 17. Rfd1 {[%emt 0:03:49]} Rc8 {[%emt 0:04:50]} 18. Ne1 {[%emt 0:05:20]} cxd5 {[%emt 0:02:53]} 19. Rxc8+ {[%emt 0:05:31]} Bxc8 {[%emt 0:00:01]} 20. Bxd5 {[%emt 0:01:15]} Nc6 {[%emt 0:01:42]} 21. Rc1 {[%emt 0:05:36]} Bd7 {[%emt 0:01:02]} 22. Nd3 {[%emt 0:05:58]} Bf8 {[%emt 0:03:38]} 23. Nc5 {[%emt 0:02:04]} Bxc5 {[%emt 0:01:17]} 24. Rxc5 {[%emt 0:01:02]} Ne7 {[%emt 0:02:14]} 25. Bxh6 {[%emt 0:05:22]} Rd6 {[%emt 0:02:06]} 26. f4 {[%emt 0:04:36]} Nxd5 {[%emt 0:01:33]} 27. fxe5 {[%emt 0:00:31]} Re6 {[%emt 0:00:11]} 28. Rxd5 {[%emt 0:01:07]} Bc6 {[%emt 0:00:40]} 29. Rc5 {[%emt 0:01:22]} Bxe4 {[%emt 0:02:17]} 30. Rxb5 {[%emt 0:01:01]} Bc2 {[%emt 0:01:02]} 31. Bg5 {[%emt 0:01:04]} Re8 {[%emt 0:00:08]} 32. Bf6 {[%emt 0:01:02]} Rc8 {[%emt 0:01:44]} 33. Rb4 {[%emt 0:02:46]} Kf8 {[%emt 0:00:27]} 34. Rd4 {[%emt 0:01:20]} Bb3 {[%emt 0:01:57]} 35. h4 {[%emt 0:01:46]} Kg8 {[%emt 0:01:05]} 36. Kh2 {[%emt 0:03:50]} Kh7 {[%emt 0:00:22]} 37. e6 {[%emt 0:01:59]} fxe6 {[%emt 0:01:21]} 38. Rd7+ {[%emt 0:00:08]} Kg8 {[%emt 0:00:25]} 39. Rg7+ {[%emt 0:00:13]} Kf8 {[%emt 0:00:06]} 40. Rxg6 {[%emt 0:00:00]} Kf7 {[%emt 0:00:00]} 41. Rh6 {[%emt 0:00:18]} Rc2 {[%emt 0:07:56]} 42. Bc3 {[%emt 0:01:40]} Bd5 {[%emt 0:00:09]} 43. Rf6+ {[%emt 0:00:10]} Ke7 {[%emt 0:04:42]} 44. Rg6 {[%emt 0:00:12]} Rf2 {[%emt 0:01:37]} 45. h5 {[%emt 0:04:43]} Rf5 {[%emt 0:00:58]} 46. g4 {[%emt 0:01:18]} Rf1 {[%emt 0:00:54]} 47. Kg3 {[%emt 0:00:57]} Be4 {[%emt 0:01:57]} 48. Rg7+ {[%emt 0:00:37]} Rf7 {[%emt 0:01:28]} 49. Rxf7+ {[%emt 0:01:20]} Kxf7 {[%emt 0:00:01]} 50. Kf4 {[%emt 0:00:09]} Bc2 {[%emt 0:00:49]} 51. g5 {[%emt 0:00:16]} Bd1 {[%emt 0:01:42]} 52. g6+ {[%emt 0:00:12]} Kg8 {[%emt 0:00:29]} 53. h6 {[%emt 0:00:26]} e5+ {[%emt 0:00:07]} 54. Bxe5 {[%emt 0:00:21]} 1-0

[Event "Romanian-ch Open 2022"]
[Site "Eforie Nord"]
[Date "2022.02.27"]
[Round "9.30"]
[White "Capragiu, Matei-Stefan"]
[Black "Bobocea, Laurentiu-Vlad"]
[Result "1/2-1/2"]
[WhiteElo "1902"]
[BlackElo "1987"]
[Annotator "NA"]
[PlyCount "63"]
[EventDate "2022.02.20"]
[EventType "swiss"]
[EventCountry "ROU"]
[SourceTitle "playchess.com"]
[Source "ChessBase"]
[SourceQuality "1"]
[TimeControl "40/5400+30:900+30"]

1. d4 {[%emt 0:00:02]} Nf6 {[%emt 0:00:03]} 2. c4 {[%emt 0:00:05]} g6 {[%emt 0:00:06]} 3. Nc3 {[%emt 0:00:05]} Bg7 {[%emt 0:00:03]} 4. e4 {[%emt 0:00:07]} d6 {[%emt 0:00:02]} 5. f3 {[%emt 0:00:46]} O-O {[%emt 0:00:06]} 6. Be3 {[%emt 0:00:05]} Nc6 {[%emt 0:00:03]} 7. Nge2 {[%emt 0:00:50]} a6 {[%emt 0:00:03]} 8. Nc1 {[%emt 0:02:11]} Nd7 {[%emt 0:01:06]} 9. Be2 {[%emt 0:01:20]} e5 {[%emt 0:01:37]} 10. d5 {[%emt 0:00:52]} Nd4 {[%emt 0:00:06]} 11. Nb3 {[%emt 0:02:09]} Nxe2 {[%emt 0:01:13]} 12. Qxe2 {[%emt 0:00:28]} b6 {[%emt 0:01:13]} 13. Nd2 {[%emt 0:03:08]} f5 {[%emt 0:02:19]} 14. O-O-O {[%emt 0:01:50]} a5 {[%emt 0:18:16]} 15. b3 {[%emt 0:03:42]} Nc5 {[%emt 0:01:11]} 16. Kb2 {[%emt 0:02:24]} Bd7 {[%emt 0:01:22]} 17. a3 {[%emt 0:03:04]} Qh4 {[%emt 0:05:34]} 18. Ra1 {[%emt 0:07:26]} Bh6 {[%emt 0:01:54]} 19. b4 {[%emt 0:05:43]} Bxe3 {[%emt 0:02:18]} 20. Qxe3 {[%emt 0:00:21]} Na6 {[%emt 0:01:20]} 21. Kb3 {[%emt 0:03:06]} Kg7 {[%emt 0:03:39]} 22. h3 {[%emt 0:06:07]} Qh6 {[%emt 0:01:49]} 23. Qxh6+ {[%emt 0:03:54]} Kxh6 {[%emt 0:00:06]} 24. Ne2 {[%emt 0:01:33]} f4 {[%emt 0:07:30]} 25. Kc3 {[%emt 0:02:17]} g5 {[%emt 0:01:13]} 26. Nb3 {[%emt 0:03:23]} a4 {[%emt 0:00:41]} 27. Nbc1 {[%emt 0:00:57]} Kg6 {[%emt 0:02:56]} 28. Nd3 {[%emt 0:00:29]} Rab8 {[%emt 0:02:35]} 29. Rhb1 {[%emt 0:00:47]} h5 {[%emt 0:01:41]} 30. Kd2 {[%emt 0:04:20]} g4 {[%emt 0:01:01]} 31. h4 {[%emt 0:01:14]} Kf6 {[%emt 0:42:54]} 32. c5 {[%emt 0:41:45]} 1/2-1/2